000 00819cam a22002531 4500
001 25341
003 BD-RjUL
005 20211209050851.0
008 140318s1934 enk 000 0 eng d
035 _a(BD-RjUL)25410
040 _aDLC
_cFTS
_dDLC
_dBD-RjUL
_beng
041 _aeng
082 0 0 _a422
_bLYC 1934
100 1 _aLyttelton, Edward,
_d1855-1942.
_977908
245 1 4 _aThe claim of our mother tongue /
_cby Edward Lyttelton.
260 _aLondon :
_bOxford university press,
_c1934.
300 _a12 p.
_c25 cm.
490 _aThe English Association. Pamphlet ;
_vno. 87
500 _aAt the Head of Title: The English Association.
650 _aEnglish language
_xWords
_xHistory.
_9233454
830 _aThe English Association. Pamphlet ;
_vno. 87
_9233455
942 _2ddc
_cRAR
999 _c25341
_d25341